LEADER 01317nam a2200337 u 4500 001 000000050251 003 CaOOAMICUS 005 20070226115212.0 008 000727s2000 it u000 u ita u 020 $a8804473851 035 $a10853122 040 $aPUL$bita 245 00$aCorpo e anima :$bnecessità della metafisica : annuario di filosofia 2000. 246 38$aAnnuario di filosofia 260 $aMilano :$bMondadori,$cc2000. 300 $a359 p. ;$c22 cm 490 1 $aLeonardo saggistica 490 1 $aSeconda navigazione 500 $aContiene indici. 504 $aBibliografia in nota. 650 4$aMetafisica.$0(OLS)http://pul/subject/433 830 0$aLeonardo saggistica.$0(OLS)http://pul/title/59914 830 0$aSeconda navigazione.$0(OLS)http://pul/title/67645 850 $aPUL 852 $aPUL$W1$xSL Filosofia 1$y2$m96 E 119$j66649$nBK-PRI$b $qStampati$B66649$CPULBib$Z2$F66649 $H $81 941 1 $a8 961 $aINV: 82185 996 $6020$a8804473851$9(OLS)http://pul/number/63584 996 $6245$aCorpo e anima :$bnecessità della metafisica : annuario di filosofia 2000$9(OLS)http://pul/title/67643 996 $6246$aAnnuario di filosofia$9(OLS)http://pul/title/67644 996 $6260$aMilano :$bMondadori$9(OLS)http://pul/publisher/50297 LEADER 01792nam a2200373 a 4500 001 000000171224 003 CaOOAMICUS 005 20181214115241.0 008 181214s2011 sp ca 000 u eng r 020 $a978-84-220-1521-5* 032 $aLibriCat 040 $aPUL$bita 041 $aeng$hspa 082 14$a282.092 100 1 $aHernández Rodríguez, María Victoria.$0(OLS)http://pul/name/37995 240 10$aVida y obras de Tomás Morales, SJ. $bBiografia.$lInglese.$0(OLS)http://pul/title/212069 245 10$aSentire cum Ecclesia :$bbiografy of Fr Tomás Morales , SI (1908-1994) /$cMaría Victoria Hernández Rodríguez ; translated by the Crusaders of Mary. 260 $aMadrid :$bCruzadas de Santa Maria ;$aMadrid :$bBiblioteca de autores cristianos,$c©2009. 300 $aviii, 281 p. ; $c20 cm. 490 1 $aBiblioteca de Autores Cristianos 504 $aBibliografia in nota a piè pagina. 600 14$aMorales, Tomás,$d1908-1994.$0(OLS)http://pul/subject/45814 710 2 $aCrusaders of Mary.$0(OLS)http://pul/name/110009 830 0$aBiblioteca de autores cristianos.$0(OLS)http://pul/title/1365 850 $aPUL 852 $aPUL$W1$xDP2 Religione 3$y114$m282. 092 HERMA 2$j194901$qDDC 21$B199802$CPULBib$Z2$F199802 $H132003 $81 941 1 $a9 983 0$aBAC. 996 $6020$a978-84-220-1521-5*$9(OLS)http://pul/number/165583 996 $6082$a282.092$9(OLS)http://pul/classification/402 996 $6245$aSentire cum Ecclesia :$bbiografy of Fr Tomás Morales , SI (1908-1994)$9(OLS)http://pul/title/212070 996 $6260$aMadrid :$bCruzadas de Santa Maria$9(OLS)http://pul/publisher/87124 996 $6260$aMadrid :$bBiblioteca de autores cristianos$9(OLS)http://pul/publisher/51328